[Event "BRA-ch U2300 Amateurs"]
[Site "Sao Paulo"]
[Date "2022.06.18"]
[Round "6"]
[White "Guerreiro, Alexandre Vieira"]
[Black "Setti, Eduardo Niewinski"]
[Result "1-0"]
[WhiteElo "2021"]
[BlackElo "2050"]
[PlyCount "83"]
[EventDate "2022.06.16"]
[EventType "swiss"]
[EventRounds "7"]
[EventCountry "BRA"]
[SourceTitle "CBM 208 Extra"]
[Source "ChessBase"]
[SourceDate "2022.07.31"]
[SourceVersion "1"]
[SourceVersionDate "2022.07.31"]
[SourceQuality "1"]

1. d4 Nf6 2. c4 e6 3. g3 Be7 4. Bg2 0-0 5. e4 d5 6. e5 Ne4 7. Ne2 f5 8. cxd5 exd5 9. 0-0 b6 10. Qb3 Ba6 11. Nbc3 c6 12. Re1 Bc4 13. Qc2 Na6 14. Nf4 Qc8 15. b3 Nb4 16. Qb2 g5 17. bxc4 gxf4 18. Bf1 fxg3 19. hxg3 Qe6 20. a3 Na6 21. cxd5 cxd5 22. Bxa6 b5 23. Bb7 Rad8 24. Nxe4 fxe4 25. Qxb5 Kh8 26. Be3 Rf3 27. Kg2 Qf7 28. Qe2 Rg8 29. Rh1 Rg7 30. Rh3 Bg5 31. Bxg5 Rxg5 32. Bc8 Rg8 33. Rc1 Rf8 34. Rc2 Rxa3 35. Bg4 Qe7 36. Rc8 Rd3 37. Bf5 Rxc8 38. Bxc8 Rf3 39. g4 Rf7 40. Bf5 Rg7 41. Qb5 Qf8 42. Qxd5 1-0

[Event "BRA-ch U2300 Amateurs"]
[Site "Sao Paulo"]
[Date "2022.06.16"]
[Round "2"]
[White "De Freitas, Isabella Ribeiro Co"]
[Black "Guerreiro, Alexandre Vieira"]
[Result "1/2-1/2"]
[WhiteElo "1868"]
[BlackElo "2021"]
[PlyCount "54"]
[EventDate "2022.06.16"]
[EventType "swiss"]
[EventRounds "7"]
[EventCountry "BRA"]
[SourceTitle "CBM 208 Extra"]
[Source "ChessBase"]
[SourceDate "2022.07.31"]
[SourceVersion "1"]
[SourceVersionDate "2022.07.31"]
[SourceQuality "1"]

1. e4 c5 2. Nf3 e6 3. d4 cxd4 4. Nxd4 a6 5. Nc3 Qc7 6. Be2 Nf6 7. 0-0 Be7 8. Kh1 b5 9. a3 Bb7 10. Bd3 d5 11. exd5 Nxd5 12. Nxd5 Bxd5 13. f4 Nc6 14. Nf3 Rd8 15. Qe2 0-0 16. Ng5 h6 17. Nf3 Bf6 18. c3 Rfe8 19. a4 e5 20. fxe5 Bxf3 21. Rxf3 Nxe5 22. Bf4 Qe7 23. Bxe5 Qxe5 24. Qf1 Rd5 25. Be2 bxa4 26. Bxa6 Rb8 27. Rf2 Rd2 1/2-1/2

[Event "Titled Tuesday intern op 27th Apr"]
[Site "Chess.com INT"]
[Date "2021.04.27"]
[Round "8"]
[White "Guerreiro, Alexandre Vieira"]
[Black "Nastore, Pavel Alexandru"]
[Result "0-1"]
[WhiteElo "2021"]
[BlackElo "2256"]
[PlyCount "162"]
[EventDate "2021.04.27"]
[EventType "swiss (blitz)"]
[EventRounds "11"]
[EventCountry "USA"]
[SourceTitle "CBM 202 Extra"]
[Source "ChessBase"]
[SourceDate "2021.07.31"]
[SourceVersion "1"]
[SourceVersionDate "2021.07.31"]
[SourceQuality "1"]

1. d4 Nf6 2. c4 e6 3. g3 c5 4. d5 exd5 5. cxd5 d6 6. Bg2 g6 7. Nf3 Bg7 8. 0-0 0-0 9. Nc3 Re8 10. Nd2 Nbd7 11. a4 a6 12. Nc4 Ne5 13. Na3 Nh5 14. h3 Rb8 15. Kh2 Rf8 16. f4 Nd7 17. e4 f5 18. exf5 Nhf6 19. fxg6 hxg6 20. Qd3 Re8 21. Qxg6 Nf8 22. Qd3 Bd7 23. Bd2 Qe7 24. Rae1 Qf7 25. Nc4 Qh5 26. Nxd6 Ng4+ 27. Kg1 Bd4+ 28. Kh1 Nf2+ 29. Rxf2 Bxf2 30. Nxe8 Rxe8 31. Rxe8 Bxh3 32. Bf3 Qxe8 33. Qe2 Qxe2 34. Bxe2 Bxg3 35. Bf3 Nd7 36. d6 b6 37. Nd5 Kf7 38. Bh5+ Ke6 39. Nc7+ Kxd6 40. Nxa6 Be6 41. Bf3 Bf2 42. Kg2 Bd4 43. b4 c4 44. b5 c3 45. Bc1 Nc5 46. Nxc5 Kxc5 47. Be4 Kc4 48. f5 Bf7 49. Bg5 Kb3 50. Kf3 c2 51. Ke2 Bb2 52. a5 bxa5 53. b6 c1Q 54. b7 Qc4+ 55. Bd3 Qg4+ 56. Kf1 Qf3+ 57. Kg1 Bd4+ 58. Kh2 Qf2+ 59. Kh3 Qf3+ 60. Kh2 Be5+ 61. Kg1 Qg3+ 62. Kf1 Qxd3+ 63. Ke1 Qe3+ 64. Bxe3 a4 65. Bd4 Bd6 66. Ba1 Ka2 67. Bc3 a3 68. Kd2 Kb3 69. Ba1 Bb8 70. Kd3 Bd5 71. f6 Bf7 72. Kd4 Ka2 73. Kd3 Kxa1 74. Kd4 Ka2 75. Kc5 Kb3 76. Kc6 a2 77. Kd7 a1Q 78. Kc8 Qe5 79. Kd7 Qe6+ 80. Kd8 Qd6+ 81. Kc8 Qc7# 0-1

[Event "Titled Tuesday intern op 27th Apr"]
[Site "Chess.com INT"]
[Date "2021.04.27"]
[Round "7"]
[White "Roque Sola, Gisela"]
[Black "Guerreiro, Alexandre Vieira"]
[Result "0-1"]
[WhiteElo "2046"]
[BlackElo "2021"]
[PlyCount "60"]
[EventDate "2021.04.27"]
[EventType "swiss (blitz)"]
[EventRounds "11"]
[EventCountry "USA"]
[SourceTitle "CBM 202 Extra"]
[Source "ChessBase"]
[SourceDate "2021.07.31"]
[SourceVersion "1"]
[SourceVersionDate "2021.07.31"]
[SourceQuality "1"]

1. c4 c5 2. Nc3 Nc6 3. Nf3 g6 4. g3 Bg7 5. Bg2 e6 6. d3 h6 7. a3 Nge7 8. 0-0 0-0 9. Bf4 d5 10. cxd5 Nxd5 11. Nxd5 exd5 12. Qc1 b6 13. Bxh6 Na5 14. Bxg7 Kxg7 15. b4 Nb7 16. bxc5 Nxc5 17. Qc3+ Kg8 18. Nd4 Re8 19. Rfe1 Bb7 20. a4 Rc8 21. Qb2 Ba8 22. a5 bxa5 23. Qd2 a4 24. Rec1 Qf6 25. e3 Bb7 26. Rab1 Ba6 27. Qa5 Bxd3 28. Ra1 Nb3 29. Nxb3 axb3 30. Qd2 b2 0-1

[Event "Titled Tuesday intern op 11th Aug"]
[Site "Chess.com INT"]
[Date "2020.08.11"]
[Round "1"]
[White "Bodnaruk, Anastasia"]
[Black "Guerreiro, Alexandre Vieira"]
[Result "1-0"]
[WhiteElo "2411"]
[BlackElo "2021"]
[PlyCount "121"]
[EventDate "2020.08.11"]
[EventType "swiss (blitz)"]
[EventRounds "10"]
[EventCountry "USA"]
[SourceTitle "CBM 197 Extra"]
[Source "ChessBase"]
[SourceDate "2020.09.30"]
[SourceVersion "1"]
[SourceVersionDate "2020.09.30"]
[SourceQuality "1"]

1. e4 c5 2. Nc3 a6 3. g3 b5 4. Bg2 Bb7 5. Nge2 e6 6. d4 cxd4 7. Nxd4 Nf6 8. 0-0 b4 9. Na4 Bxe4 10. Bxe4 Nxe4 11. Re1 Nc5 12. Nxc5 Bxc5 13. Qg4 0-0 14. Nb3 Bb6 15. Qxb4 Nc6 16. Qc3 Rc8 17. Qd2 Qf6 18. Qe2 a5 19. c3 a4 20. Nd2 a3 21. Ne4 Qe7 22. b3 d5 23. Ng5 h6 24. Nf3 e5 25. Be3 Bc7 26. b4 d4 27. cxd4 exd4 28. Bxd4 Qxe2 29. Rxe2 Nxb4 30. Bc5 Nd3 31. Bxf8 Rxf8 32. Rd1 Nc5 33. Re3 Ne6 34. Rxa3 Bb6 35. Rb3 Bc5 36. a4 Ra8 37. Ra1 Bf8 38. a5 Nc5 39. Rb5 Na6 40. Ne5 g6 41. Nd7 Bg7 42. Ra2 Nc7 43. Rb7 Nd5 44. a6 Nc3 45. Ra3 Bd4 46. a7 Kh7 47. Nb6 Bxb6 48. Rxb6 Nd5 49. Rb8 Nc7 50. Rxa8 Nxa8 51. Rb3 Kg7 52. Rb8 Nc7 53. a8Q Nxa8 54. Rxa8 h5 55. Kg2 Kh6 56. h4 g5 57. Ra6+ f6 58. Rxf6+ Kg7 59. hxg5 h4 60. f4 h3+ 61. Kxh3 1-0

[Event "Titled Tuesday intern op 11th Aug"]
[Site "Chess.com INT"]
[Date "2020.08.11"]
[Round "9"]
[White "Grot, Blazej"]
[Black "Guerreiro, Alexandre Vieira"]
[Result "0-1"]
[WhiteElo "1765"]
[BlackElo "2021"]
[PlyCount "52"]
[EventDate "2020.08.11"]
[EventType "swiss (blitz)"]
[EventRounds "10"]
[EventCountry "USA"]
[SourceTitle "CBM 197 Extra"]
[Source "ChessBase"]
[SourceDate "2020.09.30"]
[SourceVersion "1"]
[SourceVersionDate "2020.09.30"]
[SourceQuality "1"]

1. d4 Nf6 2. c4 e6 3. Nf3 Bb4+ 4. Bd2 c5 5. Bxb4 cxb4 6. g3 0-0 7. Bg2 b6 8. Ne5 d5 9. 0-0 Bb7 10. Nd2 Nbd7 11. Re1 Rc8 12. b3 Nxe5 13. dxe5 Ng4 14. f4 Ne3 15. Qb1 Nxg2 16. e4 Nxe1 17. Qxe1 dxe4 18. Nf1 Qd4+ 19. Ne3 Rfd8 20. Rd1 Qc5 21. Kg2 Rxd1 22. Nxd1 e3+ 23. Kh3 Qc6 24. Nxe3 g5 25. f5 Qf3 26. Ng4 Qg2# 0-1

[Event "Titled Tuesday intern op 4th Aug 10am"]
[Site "Chess.com INT"]
[Date "2020.08.04"]
[Round "6"]
[White "Kaminski, Victor Kazimierz"]
[Black "Guerreiro, Alexandre Vieira"]
[Result "1-0"]
[WhiteElo "2247"]
[BlackElo "2021"]
[PlyCount "63"]
[EventDate "2020.08.04"]
[EventType "swiss (blitz)"]
[EventRounds "10"]
[EventCountry "USA"]
[SourceTitle "CBM 197 Extra"]
[Source "ChessBase"]
[SourceDate "2020.09.30"]
[SourceVersion "1"]
[SourceVersionDate "2020.09.30"]
[SourceQuality "1"]

1. d4 Nf6 2. c4 e6 3. g3 Bb4+ 4. Bd2 c5 5. Bxb4 cxb4 6. Bg2 0-0 7. Nf3 b6 8. Ne5 d5 9. 0-0 Bb7 10. Qd2 Nbd7 11. Qxb4 Rc8 12. b3 Nxe5 13. dxe5 Nd7 14. cxd5 exd5 15. Qd4 Rc2 16. Nc3 Qc7 17. Nxd5 Bxd5 18. Bxd5 Rxe2 19. f4 Qc2 20. Rf2 Nc5 21. Bc4 Rxf2 22. Qxf2 Qc3 23. Rd1 h5 24. Qd2 Qf3 25. Rf1 Qg4 26. Qe2 Qg6 27. f5 Qg5 28. e6 fxe6 29. fxe6 Rxf1+ 30. Qxf1 Qe3+ 31. Kg2 Nxe6 32. Qf5 1-0

[Event "Titled Tuesday intern op 4th Aug 10am"]
[Site "Chess.com INT"]
[Date "2020.08.04"]
[Round "8"]
[White "Rorrer, Grayson"]
[Black "Guerreiro, Alexandre Vieira"]
[Result "1-0"]
[WhiteElo "2117"]
[BlackElo "2021"]
[PlyCount "81"]
[EventDate "2020.08.04"]
[EventType "swiss (blitz)"]
[EventRounds "10"]
[EventCountry "USA"]
[SourceTitle "CBM 197 Extra"]
[Source "ChessBase"]
[SourceDate "2020.09.30"]
[SourceVersion "1"]
[SourceVersionDate "2020.09.30"]
[SourceQuality "1"]

1. e4 c5 2. Nf3 e6 3. d4 cxd4 4. Nxd4 a6 5. c4 Nf6 6. Nc3 Bb4 7. Bd3 Nc6 8. Nc2 Bc5 9. 0-0 Qc7 10. Kh1 h5 11. f4 Ng4 12. Qe1 Nb4 13. Nxb4 Bxb4 14. h3 Nh6 15. Bd2 b6 16. e5 Bb7 17. Ne4 Be7 18. Rc1 Nf5 19. Kh2 h4 20. b4 d6 21. exd6 Nxd6 22. c5 bxc5 23. Nxc5 Qb8 24. Nxe6 fxe6 25. Qxe6 Rh6 26. Qg8+ Kd7 27. Qxg7 Rf6 28. Rfe1 Qf8 29. Rxe7+ Qxe7 30. Rc7+ Kxc7 31. Qxe7+ Kc6 32. Qxf6 Re8 33. b5+ Kd7 34. bxa6 Bc6 35. a7 Ra8 36. Bb4 Nc8 37. Bf5+ Kc7 38. Ba5+ Kb7 39. Qf7+ Ka6 40. Qc7 Nxa7 41. Bd3+ 1-0

[Event "Titled Tuesday intern op 4th Aug 10am"]
[Site "Chess.com INT"]
[Date "2020.08.04"]
[Round "1"]
[White "Stukan, Martin"]
[Black "Guerreiro, Alexandre Vieira"]
[Result "1-0"]
[WhiteElo "2325"]
[BlackElo "2021"]
[PlyCount "77"]
[EventDate "2020.08.04"]
[EventType "swiss (blitz)"]
[EventRounds "10"]
[EventCountry "USA"]
[SourceTitle "CBM 197 Extra"]
[Source "ChessBase"]
[SourceDate "2020.09.30"]
[SourceVersion "1"]
[SourceVersionDate "2020.09.30"]
[SourceQuality "1"]

1. d4 Nf6 2. c4 e6 3. Nf3 Bb4+ 4. Bd2 c5 5. Bxb4 cxb4 6. Nbd2 0-0 7. e4 d6 8. Bd3 Nbd7 9. 0-0 b6 10. a3 bxa3 11. Rxa3 Bb7 12. Qa1 a5 13. Rd1 e5 14. Bc2 exd4 15. Nxd4 Ng4 16. Nf5 g6 17. Ng3 Qh4 18. Nf3 Qh6 19. h3 Nge5 20. Nxe5 Nxe5 21. b3 Rad8 22. Qd4 Rfe8 23. Qxb6 Qf8 24. Qxb7 d5 25. Rxa5 d4 26. Rd5 Rxd5 27. Qxd5 d3 28. Bxd3 Qe7 29. Be2 h5 30. Qd6 Qg5 31. Qd2 Qf6 32. f4 Nc6 33. e5 Qe7 34. Bf3 Qc5+ 35. Kh2 Ne7 36. Ne4 Qc8 37. Nf6+ Kg7 38. Nxe8+ Qxe8 39. Qd8 1-0

[Event "Titled Tuesday intern op 21st July"]
[Site "Chess.com INT"]
[Date "2020.07.21"]
[Round "4"]
[White "Guerreiro, Alexandre Vieira"]
[Black "Kondakov, Adrian"]
[Result "1-0"]
[WhiteElo "2021"]
[BlackElo "1986"]
[PlyCount "99"]
[EventDate "2020.07.21"]
[EventType "swiss (blitz)"]
[EventRounds "10"]
[EventCountry "USA"]
[SourceTitle "CBM 197 Extra"]
[Source "ChessBase"]
[SourceDate "2020.09.30"]
[SourceVersion "1"]
[SourceVersionDate "2020.09.30"]
[SourceQuality "1"]

1. d4 Nf6 2. c4 g6 3. g3 Bg7 4. Bg2 d6 5. Nf3 0-0 6. 0-0 Nc6 7. Nc3 a6 8. Qd3 Na5 9. d5 c5 10. e4 Nd7 11. Rb1 Ne5 12. Nxe5 Bxe5 13. a3 b6 14. b4 Nb7 15. Bh6 Bg7 16. Bxg7 Kxg7 17. f4 a5 18. b5 e6 19. dxe6 Bxe6 20. f5 Bd7 21. f6+ Kg8 22. Qd2 Kh8 23. Qh6 Rg8 24. Rf4 Qf8 25. Rh4 Qxh6 26. Rxh6 Nd8 27. e5 Rb8 28. exd6 Be6 29. Nd5 Bxd5 30. Bxd5 Ne6 31. Bxe6 fxe6 32. Re1 Rge8 33. f7 Rf8 34. Rxe6 Rxf7 35. Rexg6 Rbf8 36. Re6 Rd7 37. Re7 Rxe7 38. dxe7 Re8 39. Rxb6 Rxe7 40. Rc6 Re3 41. Rxc5 Rxa3 42. b6 Rb3 43. Rb5 Rc3 44. b7 Rxc4 45. b8Q+ Kg7 46. Qd6 Rc1+ 47. Kg2 Rc2+ 48. Kh3 a4 49. Rb7+ Kh8 50. Qf8# 1-0

[Event "Titled Tuesday intern op 21st July"]
[Site "Chess.com INT"]
[Date "2020.07.21"]
[Round "2"]
[White "Guerreiro, Alexandre Vieira"]
[Black "Lagunow, Raphael"]
[Result "0-1"]
[WhiteElo "2021"]
[BlackElo "2378"]
[PlyCount "94"]
[EventDate "2020.07.21"]
[EventType "swiss (blitz)"]
[EventRounds "10"]
[EventCountry "USA"]
[SourceTitle "CBM 197 Extra"]
[Source "ChessBase"]
[SourceDate "2020.09.30"]
[SourceVersion "1"]
[SourceVersionDate "2020.09.30"]
[SourceQuality "1"]

1. d4 d5 2. c4 e6 3. Nf3 Nf6 4. g3 dxc4 5. Bg2 Bb4+ 6. Bd2 a5 7. 0-0 0-0 8. Bg5 h6 9. Bxf6 Qxf6 10. Ne5 Rd8 11. e3 c5 12. a3 cxd4 13. axb4 Qxe5 14. exd4 Rxd4 15. Qc2 Nc6 16. bxa5 Rxa5 17. Rxa5 Qxa5 18. Na3 Ne5 19. Rd1 Qc5 20. Re1 Nd3 21. Re3 b5 22. Nb1 Nb4 23. Qe2 Qd6 24. Nc3 Bd7 25. Qh5 Rd2 26. Re2 Rxe2 27. Qxe2 Nd3 28. Bf3 b4 29. Ne4 Qd4 30. Nd2 Nxb2 31. Ne4 c3 32. Qa6 c2 33. Qa8+ Kh7 34. Nf6+ gxf6 35. Be4+ Kg7 36. Bxc2 Nc4 37. Qf3 Ne5 38. Qe2 Bc6 39. Kf1 Qa1+ 40. Qd1 Qxd1+ 41. Bxd1 Bd5 42. Ke1 b3 43. Kd2 Nc4+ 44. Kc3 b2 45. Bb3 b1Q 46. Bc2 Qc1 47. Kd3 Qd2# 0-1

[Event "Titled Tuesday intern op 21st July"]
[Site "Chess.com INT"]
[Date "2020.07.21"]
[Round "10"]
[White "Sviridova, Vlada"]
[Black "Guerreiro, Alexandre Vieira"]
[Result "1/2-1/2"]
[WhiteElo "2144"]
[BlackElo "2021"]
[PlyCount "127"]
[EventDate "2020.07.21"]
[EventType "swiss (blitz)"]
[EventRounds "10"]
[EventCountry "USA"]
[SourceTitle "CBM 197 Extra"]
[Source "ChessBase"]
[SourceDate "2020.09.30"]
[SourceVersion "1"]
[SourceVersionDate "2020.09.30"]
[SourceQuality "1"]

1. d4 Nf6 2. c4 e6 3. Nf3 Bb4+ 4. Bd2 c5 5. Bxb4 cxb4 6. g3 0-0 7. Bg2 d6 8. 0-0 Bd7 9. a3 bxa3 10. Nxa3 Bc6 11. Nc2 Qc8 12. b3 Nbd7 13. Nb4 Be4 14. Re1 b6 15. Bf1 Qb7 16. Nd2 Bg6 17. Bg2 d5 18. Na6 Rad8 19. Qc1 Rc8 20. Qa3 h6 21. e3 Ra8 22. h3 Rfc8 23. Rec1 Nb8 24. Nxb8 Qxb8 25. c5 a5 26. b4 axb4 27. Qxb4 Rxa1 28. Rxa1 bxc5 29. Qxb8 Rxb8 30. dxc5 Rc8 31. Rc1 Nd7 32. Nb3 Bd3 33. c6 Ne5 34. Nd4 Bc4 35. e4 Nxc6 36. Nxc6 Rxc6 37. exd5 exd5 38. Bf1 Kf8 39. g4 Ke7 40. Kh2 Kd6 41. Kg3 Bxf1 42. Rxf1 Rc3+ 43. f3 g5 44. Rd1 Ke5 45. Kf2 d4 46. Re1+ Kd6 47. Re8 Kd7 48. Re4 Rc4 49. Ke2 Rc2+ 50. Kd3 Rh2 51. Rxd4+ Ke7 52. Ke4 Rxh3 53. Ra4 Kf6 54. Ra6+ Kg7 55. f4 Rg3 56. fxg5 Rxg4+ 57. Kf3 Rxg5 58. Kf4 Rg6 59. Ra5 Rf6+ 60. Kg4 Rg6+ 61. Kh4 Rf6 62. Kg4 Rg6+ 63. Kh4 Rf6 64. Kg4 1/2-1/2

[Event "Titled Tuesday intern op 14th July"]
[Site "Chess.com INT"]
[Date "2020.07.14"]
[Round "2"]
[White "Gretarsson, Helgi Ass"]
[Black "Guerreiro, Alexandre Vieira"]
[Result "1-0"]
[WhiteElo "2401"]
[BlackElo "2021"]
[PlyCount "47"]
[EventDate "2020.07.14"]
[EventType "swiss (blitz)"]
[EventRounds "10"]
[EventCountry "USA"]
[SourceTitle "CBM 197 Extra"]
[Source "ChessBase"]
[SourceDate "2020.09.30"]
[SourceVersion "1"]
[SourceVersionDate "2020.09.30"]
[SourceQuality "1"]

1. d4 Nf6 2. c4 e6 3. Nc3 Bb4 4. Qc2 0-0 5. e4 c5 6. d5 exd5 7. exd5 Re8+ 8. Nge2 b5 9. Bg5 bxc4 10. 0-0-0 d6 11. Ng3 Nbd7 12. Bxc4 Ne5 13. Be2 Bxc3 14. Qxc3 h6 15. Bf4 Ng6 16. Be3 Ne4 17. Nxe4 Rxe4 18. Rhe1 Rb8 19. Bc4 Qb6 20. Bb3 Rb4 21. Bc2 Rxb2 22. Bxh6 gxh6 23. Re8+ Nf8 24. Qg3+ 1-0

[Event "Titled Tuesday intern op 14th July"]
[Site "Chess.com INT"]
[Date "2020.07.14"]
[Round "7"]
[White "Guerreiro, Alexandre Vieira"]
[Black "Yaniuk, Volodymyr"]
[Result "1-0"]
[WhiteElo "2021"]
[BlackElo "2233"]
[PlyCount "63"]
[EventDate "2020.07.14"]
[EventType "swiss (blitz)"]
[EventRounds "10"]
[EventCountry "USA"]
[SourceTitle "CBM 197 Extra"]
[Source "ChessBase"]
[SourceDate "2020.09.30"]
[SourceVersion "1"]
[SourceVersionDate "2020.09.30"]
[SourceQuality "1"]

1. d4 Nf6 2. c4 e6 3. g3 d5 4. Nf3 dxc4 5. Bg2 Bd7 6. Ne5 Bc6 7. Nxc6 Nxc6 8. 0-0 Qd7 9. e3 0-0-0 10. Qa4 Nd5 11. Qxc4 h5 12. Nc3 h4 13. a3 hxg3 14. fxg3 f5 15. Nxd5 exd5 16. Qd3 g6 17. Bd2 Qh7 18. h3 Bd6 19. Be1 Rde8 20. Bf2 Nd8 21. Rac1 Ne6 22. Qb5 c6 23. Qxd5 Bc7 24. Qb3 Ng5 25. h4 Ne4 26. Bxe4 Rxe4 27. d5 g5 28. dxc6 b6 29. Qb5 gxh4 30. Rfd1 Bxg3 31. Rd7 Bxf2+ 32. Kxf2 1-0

[Event "American Continental 15th"]
[Site "Sao Paulo"]
[Date "2019.07.07"]
[Round "3"]
[White "Cordioli, Jairo Ribeiro"]
[Black "Guerreiro, Alexandre Vieira"]
[Result "1/2-1/2"]
[WhiteElo "1871"]
[BlackElo "2016"]
[PlyCount "133"]
[EventDate "2019.07.05"]
[EventType "swiss"]
[EventRounds "11"]
[EventCountry "BRA"]
[SourceTitle "CBM 191 Extra"]
[Source "ChessBase"]
[SourceDate "2019.09.30"]
[SourceVersion "1"]
[SourceVersionDate "2019.09.30"]
[SourceQuality "1"]

1. d4 Nf6 2. c4 e6 3. Nc3 Bb4 4. e3 b6 5. Nf3 Bb7 6. Be2 Ne4 7. Bd2 Bxc3 8. Bxc3 Nxc3 9. bxc3 Nc6 10. 0-0 Na5 11. Nd2 Ba6 12. Re1 Rc8 13. c5 Bxe2 14. Qxe2 bxc5 15. Qb5 Nc6 16. Qxc5 Qe7 17. Ne4 f5 18. Qxe7+ Kxe7 19. Nc5 Rb8 20. Rab1 Rb6 21. Rxb6 axb6 22. Nb3 Ra8 23. Re2 Na5 24. Nxa5 Rxa5 25. c4 d5 26. cxd5 exd5 27. Rc2 Kd6 28. Kf1 c5 29. dxc5+ bxc5 30. Ke2 f4 31. Kf3 fxe3 32. fxe3 Ra3 33. Kf2 c4 34. e4 dxe4 35. Rxc4 Rxa2+ 36. Ke3 Rxg2 37. Rd4+ Ke5 38. Rxe4+ Kf5 39. Rh4 h6 40. Kf3 Rg1 41. Ra4 Kg5 42. Rb4 Kh5 43. Ra4 g5 44. Kf2 Rb1 45. Kg3 Rb3+ 46. Kg2 Rc3 47. Rb4 g4 48. Rb2 Kh4 49. Ra2 h5 50. Rb2 Rc5 51. Rb4 Rc1 52. h3 Rc3 53. hxg4 hxg4 54. Rb2 Rg3+ 55. Kh2 Ra3 56. Kg2 Ra4 57. Rb3 Ra2+ 58. Kg1 Rc2 59. Ra3 g3 60. Ra8 Rc4 61. Kg2 Rc2+ 62. Kg1 Rd2 63. Rh8+ Kg4 64. Rg8+ Kf3 65. Rc8 Ke4 66. Re8+ Kf5 67. Rf8+ 1/2-1/2

[Event "American Continental 15th"]
[Site "Sao Paulo"]
[Date "2019.07.06"]
[Round "2"]
[White "Guerreiro, Alexandre Vieira"]
[Black "Sarkar, Justin"]
[Result "0-1"]
[WhiteElo "2016"]
[BlackElo "2389"]
[PlyCount "62"]
[EventDate "2019.07.05"]
[EventType "swiss"]
[EventRounds "11"]
[EventCountry "BRA"]
[SourceTitle "CBM 191 Extra"]
[Source "ChessBase"]
[SourceDate "2019.09.30"]
[SourceVersion "1"]
[SourceVersionDate "2019.09.30"]
[SourceQuality "1"]

1. d4 Nf6 2. c4 e6 3. g3 c5 4. d5 exd5 5. cxd5 d6 6. Bg2 g6 7. Nc3 Bg7 8. Nf3 0-0 9. 0-0 Re8 10. Nd2 a6 11. a4 Nbd7 12. Nc4 Ne5 13. Na3 Nh5 14. h3 f5 15. e4 fxe4 16. Nxe4 Nf7 17. g4 Nf6 18. Ng5 Nxg5 19. Bxg5 b5 20. Nc2 Bd7 21. axb5 axb5 22. Rxa8 Qxa8 23. b4 Ne4 24. Be3 Qa4 25. bxc5 dxc5 26. d6 Nc3 27. Qd2 b4 28. Bd5+ Nxd5 29. Qxd5+ Kh8 30. Qb7 b3 31. Na3 Bc6 0-1

[Event "BRA-ch Amateur U2200"]
[Site "Sao Paulo"]
[Date "2019.06.21"]
[Round "4"]
[White "Guerreiro, Alexandre Vieira"]
[Black "Tomiello, Mateus Costamilan"]
[Result "0-1"]
[WhiteElo "2013"]
[BlackElo "2062"]
[PlyCount "106"]
[EventDate "2019.06.20"]
[EventType "swiss"]
[EventRounds "7"]
[EventCountry "BRA"]
[SourceTitle "EXT 2020"]
[Source "ChessBase"]
[SourceDate "2019.10.17"]
[SourceVersion "1"]
[SourceVersionDate "2019.10.17"]
[SourceQuality "1"]

1. d4 Nf6 2. c4 g6 3. g3 Bg7 4. Bg2 d5 5. cxd5 Nxd5 6. Nf3 0-0 7. 0-0 Nb6 8. Nc3 Nc6 9. e3 e5 10. d5 Ne7 11. e4 Bd7 12. Qe2 c6 13. Rd1 cxd5 14. exd5 Nec8 15. Bg5 f6 16. Be3 Nd6 17. Bc5 Nbc8 18. Nd2 Re8 19. Nc4 Qe7 20. Nxd6 Nxd6 21. Bxd6 Qxd6 22. a4 Rad8 23. Qc4 f5 24. Qb3 e4 25. Re1 a6 26. Re2 Bc8 27. Rae1 Qc5 28. Rd1 Kh8 29. Kh1 b6 30. Rc2 Qd6 31. Ne2 Bb7 32. Rcd2 Re5 33. Nf4 Bh6 34. Qc3 Kg8 35. Bf1 Re7 36. Qb3 Bxf4 37. gxf4 Rc7 38. f3 Rc5 39. fxe4 fxe4 40. Qe3 Kg7 41. b4 Rc7 42. Qxe4 Rf7 43. Rd4 Rdf8 44. Bg2 Rxf4 45. Qe3 R4f5 46. Re4 R8f7 47. Red4 Re7 48. Qd2 Ref7 49. Rh4 h5 50. Rd4 Kh7 51. Qe2 Qf6 52. Qe6 Qxe6 53. dxe6 Rf1+ 0-1

[Event "BRA-ch Amateur U2200"]
[Site "Sao Paulo"]
[Date "2019.06.20"]
[Round "1"]
[White "Guerreiro, Alexandre Vieira"]
[Black "De Carvalho, Jose Jorge"]
[Result "1-0"]
[WhiteElo "2013"]
[BlackElo "2152"]
[PlyCount "105"]
[EventDate "2019.06.20"]
[EventType "swiss"]
[EventRounds "7"]
[EventCountry "BRA"]
[SourceTitle "EXT 2020"]
[Source "ChessBase"]
[SourceDate "2019.10.17"]
[SourceVersion "1"]
[SourceVersionDate "2019.10.17"]
[SourceQuality "1"]

1. d4 f5 2. g3 Nf6 3. Bg2 g6 4. Nf3 Bg7 5. 0-0 0-0 6. c4 d6 7. Nc3 h6 8. Re1 Nc6 9. d5 Na5 10. Qd3 c5 11. Nh4 e5 12. Nxg6 e4 13. Qc2 Re8 14. b3 Ng4 15. Nf4 Bd4 16. e3 Bg7 17. Bb2 Ne5 18. Nb1 a6 19. Nd2 b5 20. cxb5 axb5 21. f3 exf3 22. Nxf3 Ra7 23. Nxe5 Bxe5 24. Ne6 Qf6 25. Bxe5 Qxe5 26. Rad1 Nc6 27. Qe2 Nb4 28. Qh5 Rxe6 29. dxe6 Bxe6 30. Qg6+ Rg7 31. Qxh6 c4 32. bxc4 bxc4 33. Rb1 Nd3 34. Rb8+ Kf7 35. Rb7+ Kf8 36. Reb1 Nc5 37. Ra7 Bd7 38. Bc6 Ke7 39. Bxd7 Nxd7 40. Rxd7+ Kxd7 41. Rb7+ Kc6 42. Rxg7 c3 43. Rg8 Qd5 44. Qh8 Qd1+ 45. Kg2 Qe2+ 46. Kh3 c2 47. Rc8+ Kb7 48. Rb8+ Ka7 49. Ra8+ Kb7 50. Qc8+ Kb6 51. Rb8+ Ka5 52. Qc3+ Ka6 53. Qa3# 1-0

[Event "Sao Paulo op-A 6th"]
[Site "Sao Paulo"]
[Date "2017.04.16"]
[Round "5"]
[White "Guerreiro, Alexandre Vieira"]
[Black "Soares, Joao Carlos TC"]
[Result "1/2-1/2"]
[WhiteElo "2011"]
[BlackElo "1830"]
[PlyCount "52"]
[EventDate "2017.04.14"]
[EventType "swiss"]
[EventRounds "6"]
[EventCountry "BRA"]
[SourceTitle "CBM 178 Extra"]
[Source "ChessBase"]
[SourceDate "2017.06.22"]
[SourceVersion "1"]
[SourceVersionDate "2017.06.22"]
[SourceQuality "1"]

1. d4 f5 2. Nf3 Nf6 3. g3 e6 4. Bg2 d5 5. 0-0 Bd6 6. c4 c6 7. Nc3 0-0 8. Qc2 Qe7 9. Bg5 h6 10. Bf4 Nbd7 11. Nh4 Kh7 12. Bxd6 Qxd6 13. cxd5 cxd5 14. Rac1 a6 15. Na4 b5 16. Nc5 Ne4 17. Nxe4 dxe4 18. Bxe4 Ra7 19. Bg2 Qxd4 20. Rfd1 Qb6 21. Qb3 Nf6 22. Rc6 Qb8 23. Qb4 Rff7 24. Rd8 Rac7 25. Qd6 Qb7 26. Rc3 Ne4 1/2-1/2

[Event "Sao Paulo op-A 6th"]
[Site "Sao Paulo"]
[Date "2017.04.15"]
[Round "4"]
[White "Federzoni, Enzo"]
[Black "Guerreiro, Alexandre Vieira"]
[Result "1/2-1/2"]
[WhiteElo "1857"]
[BlackElo "2011"]
[PlyCount "45"]
[EventDate "2017.04.14"]
[EventType "swiss"]
[EventRounds "6"]
[EventCountry "BRA"]
[SourceTitle "CBM 178 Extra"]
[Source "ChessBase"]
[SourceDate "2017.06.22"]
[SourceVersion "1"]
[SourceVersionDate "2017.06.22"]
[SourceQuality "1"]

1. e4 c5 2. Nf3 e6 3. g3 d5 4. exd5 exd5 5. d4 Nf6 6. Bg2 Be7 7. 0-0 0-0 8. Nc3 Nc6 9. h3 Re8 10. Re1 Bf5 11. Be3 Ne4 12. dxc5 Nxc3 13. bxc3 Be4 14. Nd4 Bxg2 15. Kxg2 Qa5 16. Nf5 Bf8 17. Bd4 Rxe1 18. Nh6+ Kh8 19. Nxf7+ Kg8 20. Nh6+ Kh8 21. Nf7+ Kg8 22. Nh6+ Kh8 23. Nf7+ 1/2-1/2